000 00522nam a2200205 a 4500
999 _c7365
_d7365
003 BD-JhCC
005 20180208173105.0
008 180208s1968 i |||| || | 000 0 eng d
035 _a(BD-JhCC)
040 _aBD-JhCC
_dBD-JhCC
041 _aeng
082 _a891.443
_bKAB 1968
100 _aKabir, Humayun
245 _aThe Bengal Novel /
_cHumayun Kabir,
260 _aCalcutta :
_bFirma K. L. Mukhopadhyay,
_c1968.
300 _a127 p. :
_c23 cm.
650 _aEnglish Novel
942 _2ddc
_cBK